LEADER 01325nam a2200289 i 4500 001 000000159684 003 CaOOAMICUS 005 20070301000000.0 008 070301s1995 it u000 u mul u 013 $a137047 020 $a88-85933-00-1 040 $aSeMil$bita 100 1 $aGolub, Ivan.$0(OLS)http://semarc/name/41952 240 10$aKalnovecki Razgovori.$0(OLS)http://semarc/title/141888 245 12$aL'Uomo di terra /$cIvan Golub ; [Traduzione dal croato e prefazione a cura di Marina Lipovac Gatti ] ; Postfazione Tonko Maroevic ; Disegni Ivan Lackovic Croata. 260 $aMilano :$bHefti,$cCopyr. 1995. 300 $a220 p. :$bill. ;$c24 cm. 500 $aIn mezzo al front. : Dedica autografa dell'Autore. - Contiene : Conversazioni di Kalinovec ; Gente di Kalinovec. 700 1 $aLackovic Croata, Ivan.$0(OLS)http://semarc/name/41954 700 1 $aMaroevic, Tonko.$0(OLS)http://semarc/name/41364 700 1 $aLipovac Gatti, Marina.$0(OLS)http://semarc/name/41953 850 $aSeMil 852 $aSeMil$W1$xVenegono$y1$m1U V 4$j111241$B111241$CSeMilBibl$Z2$F122001 $81 961 $aOmaggio: Altro 996 $6020$a88-85933-00-1$9(OLS)http://semarc/number/75335 996 $6245$aL'Uomo di terra$9(OLS)http://semarc/title/141887 996 $6260$aMilano :$bHefti$9(OLS)http://semarc/publisher/44244 LEADER 00677nam a2200181 i 4500 001 000000193730 003 CaOOAMICUS 005 20161213000000.0 008 161213s1863 it u000 u ita u 013 $a172373 040 $aSeMil$bita 245 10$aVol. 1. 300 $a522 p., [1] c. di tav. :$britr. 500 $aContiene: Discorsi pronunciati nella prima legislatura : sessione 1848. 773 0 $aCavour, Camillo Benso $tDiscorsi parlamentari.$dTorino : Eredi Botta, 1863-1872.$g1$w()4286 850 $aSeMil 852 $aSeMil$W1$xVenegono$y1$m3N VI 1 FA$j144304$B144304$CSeMilBibl$Z2$F215134 $8I 996 $6245$aVol. 1$9(OLS)http://semarc/title/13429